[Event "SLO-ch qual"]
[Site "Ptuj"]
[Date "2012.06.03"]
[Round "9"]
[White "Podkriznik, Aleksander"]
[Black "Ramadani, Sarah"]
[Result "0-1"]
[WhiteElo "1799"]
[BlackElo "1708"]
[PlyCount "110"]
[EventDate "2012.05.24"]
[EventType "swiss"]
[EventRounds "9"]
[EventCountry "SLO"]
[SourceTitle "EXT 2019"]
[Source "ChessBase"]
[SourceDate "2018.10.10"]
[SourceVersion "1"]
[SourceVersionDate "2018.10.10"]
[SourceQuality "1"]

1. e4 e5 2. Nf3 d6 3. d4 Nf6 4. Nc3 Nbd7 5. Bc4 Be7 6. 0-0 h6 7. Re1 c6 8. a4 Qc7 9. a5 g5 10. b3 Nf8 11. dxe5 dxe5 12. Bb2 Ng6 13. Ba3 g4 14. Bxe7 Qxe7 15. Nd2 h5 16. Nf1 h4 17. Ne3 g3 18. fxg3 hxg3 19. hxg3 Bd7 20. Nf5 Qc5+ 21. Kf1 0-0-0 22. Qf3 Be6 23. Ne3 Rd2 24. Kg1 Bxc4 25. bxc4 Rd6 26. Rad1 Re6 27. Qf2 Qxa5 28. Rd3 Rd8 29. Red1 Rxd3 30. Rxd3 Qc5 31. Kf1 Nh5 32. Qd2 Rf6+ 33. Kg1 Qa5 34. Nf5 Qc5+ 35. Qe3 Qxe3+ 36. Rxe3 Re6 37. Rd3 Kc7 38. c5 b6 39. Na4 Nf6 40. cxb6+ axb6 41. Rb3 c5 42. Nc3 Kc6 43. Kf2 Ne7 44. Ne3 Rd6 45. Kf3 Rd4 46. Ra3 Nc8 47. Ng4 Nxg4 48. Kxg4 Rd2 49. Ra2 Rxg2 50. Nd5 Nd6 51. Kf3 Rd2 52. Ra6 Nxe4 53. c4 Nd6 54. Rxb6+ Kd7 55. Ne3 Rd3 0-1

[Event "SLO-ch qual"]
[Site "Ptuj"]
[Date "2012.06.02"]
[Round "8"]
[White "Murko, David"]
[Black "Ramadani, Sarah"]
[Result "1-0"]
[WhiteElo "1516"]
[BlackElo "1708"]
[PlyCount "85"]
[EventDate "2012.05.24"]
[EventType "swiss"]
[EventRounds "9"]
[EventCountry "SLO"]
[SourceTitle "EXT 2019"]
[Source "ChessBase"]
[SourceDate "2018.10.10"]
[SourceVersion "1"]
[SourceVersionDate "2018.10.10"]
[SourceQuality "1"]

1. e4 e5 2. Nf3 d6 3. d4 Nf6 4. Nc3 Nbd7 5. Bc4 Be7 6. 0-0 h6 7. Re1 c6 8. a4 Qc7 9. h3 g5 10. dxe5 dxe5 11. Be3 Nf8 12. Nh2 Ng6 13. Ng4 Nf4 14. Nxe5 Qxe5 15. Bd4 Qc7 16. e5 N6d5 17. e6 f6 18. Bxd5 cxd5 19. Nb5 Qb8 20. g3 Nxh3+ 21. Kg2 h5 22. Kxh3 a6 23. Qd3 Bxe6+ 24. Rxe6 Kf7 25. Rxe7+ Kxe7 26. Bc5+ Kf7 27. Qxd5+ Kg6 28. Qe4+ Kg7 29. Qe7+ Kg6 30. Nd6 g4+ 31. Kg2 Rf8 32. Re1 b6 33. Bb4 Ra7 34. Qe6 Qa8+ 35. Kg1 Qf3 36. Nc4 Kg7 37. Bxf8+ Kxf8 38. Re3 Qd1+ 39. Kg2 Rf7 40. Nd6 Rc7 41. Qxf6+ Kg8 42. Re8+ Kh7 43. Rh8# 1-0

[Event "SLO-ch qual"]
[Site "Ptuj"]
[Date "2012.05.26"]
[Round "5"]
[White "Ramadani, Sarah"]
[Black "Skuhala, Jernej"]
[Result "0-1"]
[WhiteElo "1708"]
[BlackElo "1919"]
[PlyCount "140"]
[EventDate "2012.05.24"]
[EventType "swiss"]
[EventRounds "9"]
[EventCountry "SLO"]
[SourceTitle "EXT 2019"]
[Source "ChessBase"]
[SourceDate "2018.10.10"]
[SourceVersion "1"]
[SourceVersionDate "2018.10.10"]
[SourceQuality "1"]

1. e4 c5 2. d4 cxd4 3. c3 d5 4. exd5 Qxd5 5. cxd4 Nc6 6. Nf3 e6 7. Nc3 Bb4 8. Bd2 Bxc3 9. bxc3 Nf6 10. Bd3 0-0 11. 0-0 b6 12. Qb3 Qh5 13. Rfe1 Bb7 14. Ne5 Ng4 15. Nxg4 Qxg4 16. Re4 Qg6 17. Re3 Nxd4 18. Bxg6 Nxb3 19. Bxh7+ Kxh7 20. axb3 Rfd8 21. Rh3+ Kg8 22. Bf4 f6 23. Rg3 Kf7 24. Be3 Rd3 25. Bf4 Rd5 26. c4 Rd7 27. Be3 e5 28. Rf1 Rad8 29. f4 e4 30. f5 Rd3 31. Bf4 Rxg3 32. hxg3 Rd3 33. Ra1 a6 34. Bc7 Rxb3 35. Rd1 e3 36. Re1 a5 37. Bf4 Ba6 38. Rxe3 Rb1+ 39. Kf2 Bxc4 40. Ra3 Rb2+ 41. Ke1 Rxg2 42. Bc7 Rb2 43. Rc3 Rb4 44. Bxb6 Rxb6 45. Rxc4 Rb5 46. Rf4 Ke7 47. Kd2 Kd6 48. Kc3 Ke5 49. Rg4 Rb7 50. Rf4 Rb4 51. Rf3 Rg4 52. Kd2 a4 53. Ke2 Rg5 54. Ra3 Kxf5 55. Kf3 Rg4 56. Rc3 Rb4 57. g4+ Ke6 58. Rc7 a3 59. Ra7 Rb3+ 60. Kg2 Rb2+ 61. Kh3 a2 62. Kh4 g6 63. Kg3 Kd5 64. Kf4 Kc4 65. g5 fxg5+ 66. Kxg5 Rg2+ 67. Kf4 Kb3 68. Kf3 Rb2 69. Rb7+ Kc2 70. Ra7 Kb1 0-1

[Event "SLO-ch U14 Girls"]
[Site "Debeli Rtic"]
[Date "2012.02.24"]
[Round "7"]
[White "Ramadani, Sarah"]
[Black "Nemec, Hana"]
[Result "1-0"]
[WhiteElo "1658"]
[BlackElo "1675"]
[PlyCount "53"]
[EventDate "2012.02.18"]
[EventType "swiss"]
[EventRounds "7"]
[EventCountry "SLO"]
[SourceTitle "EXT 2022"]
[Source "ChessBase"]
[SourceDate "2021.10.06"]
[SourceVersion "1"]
[SourceVersionDate "2021.10.06"]
[SourceQuality "1"]

1. e4 e5 2. f4 exf4 3. Bc4 d5 4. Bxd5 Nf6 5. Nc3 Nxd5 6. Nxd5 Bd6 7. Nf3 c6 8. Nc3 Bg4 9. d4 f6 10. e5 fxe5 11. dxe5 Bxf3 12. Qxf3 Bc7 13. Bxf4 0-0 14. Qg3 Qe7 15. 0-0 Nd7 16. Rae1 Rae8 17. e6 Bxf4 18. exd7 Qc5+ 19. Kh1 Rxe1 20. Qxe1 Bc7 21. Qe6+ Kh8 22. Rxf8+ Qxf8 23. Qe8 Kg8 24. Ne4 g6 25. Ng5 h6 26. Ne6 Qxe8 27. dxe8Q+ 1-0

[Event "SLO-ch U14 Girls"]
[Site "Debeli Rtic"]
[Date "2012.02.21"]
[Round "4"]
[White "Ramadani, Sarah"]
[Black "Unuk, Laura"]
[Result "1-0"]
[WhiteElo "1658"]
[BlackElo "1845"]
[PlyCount "73"]
[EventDate "2012.02.18"]
[EventType "swiss"]
[EventRounds "7"]
[EventCountry "SLO"]
[SourceTitle "EXT 2022"]
[Source "ChessBase"]
[SourceDate "2021.10.06"]
[SourceVersion "1"]
[SourceVersionDate "2021.10.06"]
[SourceQuality "1"]

1. d4 g6 2. Nf3 Bg7 3. e3 d6 4. b4 Nd7 5. Bb2 c5 6. a3 Ngf6 7. c4 0-0 8. Nbd2 Qc7 9. Be2 e5 10. bxc5 dxc5 11. Nxe5 Nxe5 12. dxe5 Nd7 13. f4 Nb6 14. 0-0 Bd7 15. Ne4 Bc6 16. Nf6+ Kh8 17. Qc1 Na4 18. Bf3 Rad8 19. Bxc6 Qxc6 20. Rf3 Nxb2 21. Qxb2 Bxf6 22. exf6 Rd6 23. f5 Rfd8 24. fxg6 hxg6 25. Raf1 Qe4 26. Qf2 Rd1 27. Qg3 Rxf1+ 28. Rxf1 Rd2 29. Qg5 Kg8 30. h4 Qc2 31. h5 Kh7 32. e4 Rd1 33. hxg6+ fxg6 34. Qh4+ Kg8 35. f7+ Kf8 36. Qh8+ Ke7 37. f8Q+ 1-0